Manual de direito penal / (Registro nro. 173828)
[ vista simple ]
| 000 -LEADER | |
|---|---|
| fixed length control field | 00951nam a22003011i 4500 |
| 001 - CONTROL NUMBER | |
| control field | bslw10112891 |
| 006 - FIXED-LENGTH DATA ELEMENTS--ADDITIONAL MATERIAL CHARACTERISTICS--GENERAL INFORMATION | |
| fixed length control field | m o d |
| 007 - PHYSICAL DESCRIPTION FIXED FIELD--GENERAL INFORMATION | |
| fixed length control field | cr un ---uuuua |
| 008 - FIXED-LENGTH DATA ELEMENTS--GENERAL INFORMATION | |
| fixed length control field | 231228s2022 bl a ob 000 0 por d |
| 035 ## - | |
| -- | 42526 |
| 040 ## - CATALOGING SOURCE | |
| Original cataloging agency | UtOrBLW |
| Language of cataloging | eng |
| Description conventions | rda |
| Transcribing agency | UtOrBLW |
| 043 ## - | |
| -- | s-bl--- |
| 050 #4 - | |
| -- | KHD193 |
| -- | .R63 2022 |
| 082 04 - | |
| -- | 345 |
| -- | 23 |
| 100 1# - MAIN ENTRY--PERSONAL NAME | |
| Personal name | Rodrigues, Cristiano, |
| Relator term | author. |
| 245 10 - TITLE STATEMENT | |
| Title | Manual de direito penal / |
| Statement of responsibility, etc | Cristiano Rodrigues. |
| 250 ## - | |
| -- | Terceira edição. |
| 264 #1 - | |
| -- | Indaiatuba : |
| -- | Editoria Foco, |
| -- | 2022. |
| 300 ## - PHYSICAL DESCRIPTION | |
| Extent | 1 online resource (liv, 850 pages) : |
| Other physical details | illustrations |
| 336 ## - | |
| -- | text |
| -- | txt |
| -- | rdacontent |
| 337 ## - | |
| -- | computer |
| -- | c |
| -- | rdamedia |
| 338 ## - | |
| -- | online resource |
| -- | cr |
| -- | rdacarrier |
| 504 ## - BIBLIOGRAPHY, ETC. NOTE | |
| Bibliography, etc | Includes bibliographical references (pages 845-846). |
| 650 #0 - SUBJECT ADDED ENTRY--TOPICAL TERM | |
| Topical term or geographic name as entry element | Law |
| General subdivision | Law and legislation |
| Geographic subdivision | Brazil. |
| 856 40 - LOCALIZACIÓN Y ACCESO ELECTRÓNICO | |
| Identificador Uniforme del Recurso (URI/URL) | https://app.vlex.com/#/sources/42526 |
| 942 ## - | |
| -- | RAA |
| 999 ## - | |
| -- | 173828 |
| -- | 173828 |
No hay ítems disponibles.